000 01459nam a2200373 c 4500
003 BLK
005 20240817110616.0
008 180408b bul|||||r ||||||| ||bul||
010 _aKNG00093151000
020 _a978-954-409-319-8
_bиздат.: Плеяда
040 _aBLK
041 _aBUL
_cBUL
072 7 _2bullib
_aН8300
_xРомантична проза Н
080 _aАмериканска литература (на САЩ)
_b821.111(73)
_x-31
_z821.111(73)-31
100 1 _aТейлър, Джанел
_eпърви автор
_9242187
700 1 _aПавлова, Светлана
_eпрев. от англ.
_9370595
139 _aТейлър, Джанел
_bТ 45
245 1 0 _aКогато си до мен
_bРоман
_cДжанел Тейлър; прев. от англ. Светлана Павлова.
257 _aUSA
260 София
_bПлеяда
_c2011
300 _a296 с.
_c20 см
380 _aX
490 1 _aПоредица Пеперуда : Съвременна романтична проза
500 _aОриг. загл. Haunting Olivia / Janelle Taylor.
653 _aромантична проза
653 _aромани
659 _aН
852 _aЦб 254714
856 4 _qpdf
_u
856 4 _qpdf
_u
942 _cKNG
_n0
_068
944 _aCR
_c04.04.2012
_lДиана Гривева
_k30529
944 _aED
_c26.06.2017
_lф /
_kЛюдмила_Стоянова
999 _c88483
_d88483